1527 1468 1052 1816 1009 1302 1889 1706 1657 1802 1338 1228 1246 1285 1501 1688 1028 1818 1087 1545 1755 1695 1891 1347 1291 1059 1707 1161 1567 1380 1210 1095 1224 1319 1547 1408 1713 1945 1503 1151 1441 1425 1499 1100 1033 1134 1548 1482 1143 1083 1666 1992 1595 1982 1229 1893 1344 1818 1904 1910 1397 1180 1274 1718 1463 1108 1292 1506 1037 1985 1620 1937 1194 1808 1671 1035 1763 1014 1879 1455 1532 1470 1664 1712 1464 1968 1573 1048 1658 1866 1574 1397 1116 1373 1142 1336 1393 1500 1783 BCNSPRNW ULIB Ver.6.0+V

เปลี่ยนเป็นภาษาไทย

Change to English
 แสดงรายละเอียดบรรณานุกรม
  กลับหน้าหลัก

Brief Record : Get Marc (ISO 2709) : E-mail record : QR code < ปิดหน้าต่าง
LEADER : 00000nam 2200000uu 4500
001    13399120166
003     ULIB
008    120905s2554||||th 000 0 tha d
020    ^a9789747645569
060 04 ^aWY159^bย394ห
100 0  ^aยุพยงค์ ทังสุบุตร
245 10 ^aหลักและเทคนิคปฏิบัติการทางการพยาบาลเด็ก /^cยุพยงค์ ทังสุบุตร ... [และคนอื่นๆ]
250    ^aพิมพ์ครั้งที่ 3
260    ^aนนทบุรี :^bโครงการสวัสดิการวิชาการ สถาบันพระบรมราชชนก,^c2554
300    ^a178 หน้า :^bภาพประกอบ ;^c26 ซม.
650  7 ^aการพยาบาลกุมารเวชศาสตร์
650  7 ^aเด็ก^xการดูแล
710 2  ^aสถาบันพระบรมราชชนก. ^bโครงการสวัสดิการวิชาการ
945    ^p280^l0^i032792
945    ^p280^l0^i032792
945    ^p280^l0^i032793
945    ^p280^l0^i032794
945    ^p280^l0^i032795
945    ^p280^l0^i032879
995    ^aทศพร
999    ^aทศพร
รายการนี้ยังไม่มีแท็ก
คุณยังไม่ได้ล็อกอิน คุณสามารถมีกิจกรรมร่วมกับเว็บไซต์ได้ แต่ต้องล็อกอินก่อน ::
  ล็อกอิน

รายการสื่อสารสนเทศ

ลำดับที่ ประเภท เลขเรียก/บาร์โค้ด สถานที่ สถานะ
1. วิทยาศาสตร์การแพทย์ และสุขภาพ
หนังสือสำรอง
สถานะ=หนังสือสำรอง
WY159 ย394ห ฉ.1 
  Barcode: 032792
ห้องสมุดวิทยาเขตสวรรค์ประชารักษ์
►ส่วนจัดเก็บหนังสือเก่า สปร
บนชั้น
  ขอยืม
2. วิทยาศาสตร์การแพทย์ และสุขภาพ
วิทยาศาสตร์การแพทย์ และสุขภาพ
WY159 ย394ห ฉ.3 
  Barcode: 032793
ห้องสมุดวิทยาเขตสวรรค์ประชารักษ์
►ส่วนจัดเก็บหนังสือเก่า สปร
บนชั้น
  ขอยืม
3. วิทยาศาสตร์การแพทย์ และสุขภาพ
วิทยาศาสตร์การแพทย์ และสุขภาพ
WY159 ย394ห ฉ.5 
  Barcode: 032795
ห้องสมุดวิทยาเขตสวรรค์ประชารักษ์
►ส่วนจัดเก็บหนังสือเก่า สปร
บนชั้น
  ขอยืม
4. วิทยาศาสตร์การแพทย์ และสุขภาพ
วิทยาศาสตร์การแพทย์ และสุขภาพ
WY159 ย394ห ฉ.6 
  Barcode: 032879
ห้องสมุดวิทยาเขตสวรรค์ประชารักษ์
►หนังสือทั่วไป
บนชั้น

รายการใกล้เคียง
    ผู้แต่ง [ยุพยงค์ ทังสุบุตร]

    หัวเรื่อง [การพยาบาลกุมารเวชศาสตร์]
    หัวเรื่อง [เด็ก การดูแล]

BibComment


ยังไม่เคยถูกคอมเมนท์

คอมเมนท์ทรัพยากรรายการนี้
  คอมเมนท์: หลักและเทคนิคปฏิ..


 Copyright 2026. Bcnsprnw @Library